Missing links: gendere equity in science and technology for development

Gespeichert in:
Bibliographische Detailangaben
Format: Buch
Sprache:Englisch
Veröffentlicht: Nueva York International Development Research Centre 1995
Schlagworte:
Tags: Tag hinzufügen
Keine Tags, Fügen Sie den ersten Tag hinzu!

MARC

LEADER 00000nam a2200000 a 4500
001 UCZ6903
003 CL-VaPUC
008 951219e19950000US |||||||||||||||||eng|d
082 0 4 |a 303.483  |b MIS  |2 21 
245 1 0 |a Missing links: gendere equity in science and technology for development 
300 |a 371 p 
942 |c BK 
945 |d 19951219 00:00:00  |a rleighto 
260 |a Nueva York  |b International Development Research Centre  |c 1995 
650 0 |a Ciencia y tecnología  |9 260585 
650 0 |a Ciencia  |9 255691 
650 0 |a Tecnología  |9 256742 
650 0 |a Desarrollo científico  |9 259799 
650 7 |a CONOCIMIENTO  |2 CL-VaPUC  |9 308991 
650 0 |a Educación  |9 258661 
583 |a last modification  |c 19951219 00:00:00  |k Rodrigo Vera 
999 |c 243050  |d 243048 
952 |0 0  |1 0  |4 0  |6 303_483000000000000_MIS_1995  |7 0  |8 P  |9 256430  |a BIBEDU  |b BIBEDU  |c BIBEDU_PB  |d 2019-11-19  |i 3149390  |o 303.483 MIS 1995  |p 3149390  |r 2024-01-25  |w 2019-11-19  |y BK  |k EDU